00521nam a22001697a 450000500170000001000130001702000260003003500230005603700330007908200110011210000200012324500570014326000450020027000610024530000250030650000200033120180630163332.0 aB-163298 a9780195672459c295.00 aB-163298, B-163295 adplbOxford University Press a954.02 aChandra, Satish aEssay on medieval indian history/cby Satish Chandra aNew DelhibOxford University Pressc2005 aYMCA library building, Jai Singh roadbNew Delhie110001 avii, 549p.c22cm(Pb) aIncluding Index